Distribution par images - Kaamelott : Premier Volet - Statistiques

Statistiques générales
  • Ce quiz a été pris 110 fois
  • Le résultat moyen est 7 sur 9
Statistiques - réponses
Par images Hint Réponse % Correct
Arthur Pendragon Alexandre Astier
100%
Duc d'Aquitaine Alain Chabat
96%
Jurisconsulte Christian Clavier
93%
Dame du Lac Audrey Fleurot
92%
Horsa Sting
84%
Duchesse d'Aquitaine Géraldine Nakache
80%
Quarto Clovis Cornillac
75%
Alzagar Guillaume Gallienne
68%
Lancelot du Lac Thomas Cousseau
49%
Aucun quiz correspondant
Distribution des résultats
% des personnes avec chaque résultat
Percentile par nombre de réponses
Votre historique - résultats
Vous n’avez pas pris ce quiz